000 00544nam a2200169 i 4500
001 100813
003 ES-MaACL
007 t|
008 051005s1928 fr ||||1| fre d
100 0 _aMathiez, Albert
_979054
245 1 3 _aLa revolution française /
_cpar Albert Mathiez.
260 _aParis :
_b[s.n.],
_c1928 (
_fimp. d'Ono)
300 _a3 v. ;
_c17 cm.
505 8 _aContiene: V.I.-- La chute dela Royauté. V.II.-- La Gironde et la Montagne. V.III.-- La Terreur
852 _aES-MaACL
_jB-3788-90
999 _c100813
_d100813